000 00544nam a2200145 4500
082 _aMSEE-06
100 _aFaysal Munir
245 _aAn adaptive backstepping based nonlinear controller for patients with type 1 diabetes
260 _aIslamabad
_bNUST-SEECS
_c2016
300 _a36p.
_eCD Includes
856 _uhttp://10.250.8.41:8080/xmlui/handle/123456789/20307
942 _2ddc
_cTHE
999 _c332372
_d332372